|
|
|
|
| LEADER |
00000nab a2200000 4500 |
| 001 |
vtls012196461 |
| 003 |
SK-MaSNL |
| 005 |
20260304014619.0 |
| 008 |
230222 2022 xo 000 0 cze |
| 015 |
|
|
|a SNBRB2022/03
|2 LMAOSK
|
| 040 |
|
|
|a LMAOSK
|b slo
|c LMAOSK
|e rda
|
| 041 |
0 |
|
|a cze
|
| 044 |
|
|
|a xo
|c SK
|
| 072 |
|
7 |
|a 327
|x Medzinárodné vzťahy, svetová politika
|2 konspekt
|
| 072 |
|
7 |
|a 37
|x Výchova a vzdelávanie
|2 konspekt
|
| 080 |
|
|
|a (046)
|2 2011
|
| 080 |
|
|
|a 341.238
|2 2011
|
| 080 |
|
|
|a 27‑75
|2 2011
|
| 100 |
1 |
|
|a Karmazin, Aleš
|4 aut
|9 1295338
|
| 245 |
1 |
0 |
|a Hledání mezinárodního řádu: přístup Anglické školy k analýze mezinárodní politiky
|c Aleš Karmazin
|
| 246 |
3 |
|
|a In Search of International Order: The English School Approach to the Analysis of International Politics
|
| 336 |
|
|
|a text
|b txt
|2 rdacontent
|
| 337 |
|
|
|a bez média
|b n
|2 rdamedia
|
| 338 |
|
|
|a zväzok
|b nc
|2 rdacarrier
|
| 504 |
|
|
|a Obsahuje bibliografiu
|
| 650 |
0 |
7 |
|a medzinárodné vzťahy
|2 SNKPH
|9 3690
|
| 650 |
0 |
7 |
|a výchova a vzdelávanie
|2 SNKPH
|9 1684
|
| 650 |
0 |
7 |
|a inštitúcie a organizácie
|2 SNKPH
|9 66282
|
| 650 |
0 |
7 |
|a medzinárodné poriadky
|2 LMAOSK
|9 1062376
|
| 650 |
0 |
7 |
|a medzinárodné spoločnosti
|2 LMAOSK
|9 751123
|
| 650 |
0 |
7 |
|a teórie medzinárodných vzťahov
|2 LMAOSK
|9 1295339
|
| 655 |
|
7 |
|a články
|2 SNKPH
|9 70601
|
| 655 |
|
7 |
|a normy
|2 SNKPH
|9 70643
|
| 773 |
0 |
|
|t Mezinárodní vztahy
|g Roč. 57, č. 3 (2022), s. 7-43
|x 0323-1844
|
| 852 |
|
|
|a LMAOSK
|b KIS3GCP
|
| 856 |
4 |
1 |
|a https://cjir.iir.cz/index.php/cjir/article/view/10/93
|
| 958 |
|
|
|a NB
|
| 999 |
|
|
|c 2586355
|d 2588285
|